000 00726cab a2200253 4500
001 ABS49286
008 090401t1993 xxu||||| |||| 00| 0 eng d
035 _a(Sirsi) u70739
041 _aeng
245 _aOff-the-peg laboratory experiment
260 _c1993
350 _a0
490 _aArchitects` Journal
_v198(10) 15 September 1993, 35-43(9)
520 _aSmith & Nephew Group Research Centre, York Science Park.
650 _aBUILT ENVIRONMENT-BUILDING COSTS
650 _aCOST ANALYSIS
650 _aLABORATORIES
650 _aRESEARCH CENTRES
650 _aSMITH & NEPHEW GROUP RESEARCH CENTRE
650 _aYORK
690 _aBUILDING AND CONSTRUCTION-PROJECTS
942 _n0
948 _c04/03/1997
999 _c44533
_d44533